00741nam a2200229Ia 4500003000400000005001700004008004100021020002200062040000700084041000800091082001600099100002800115245004900143260003000192300001700222365001400239650002400253906005100277942001200328999001900340952015200359OSt20230605102421.0210423s2017 xx 000 0 und d a978-93-85528-74-3 cAL aeng a364.15 SINK aSINGH (Kangana)9119457 aHuman trafficking: complexities and pitfalls aJaipurbYking Booksc2017 aviii,286bHB b1475cINR aCriminology9119458 acomplexities ; Human ; pitfalls ; trafficking: 2ddccBK c176587d176587 001040708MSWaSACPGbSACPGd2018-10-15eSaraswathi Publisherg1475.00l2o364.15 SINKpPG023291r2022-12-07 00:00:00s2022-11-29w2021-04-26yBK